Teseo y el minotauro. Orfeo y Eurídice. Apolo y Dafne /
Nunca nadie había sobrevivido al encuentro con el Minotauro, el cual se alimenta de hombres. Pero Teseo quiere intentarlo. ¿Es Teseo un loco o un valiente? ¿Podrá Orfeo, con la belleza de su música, rescatar a su amada Eurídice del mundo subterráneo? Apolo ama a Dafne. Dafne no ama a ningún hombre,...
Guardado en:
| Autor Principal: | |
|---|---|
| Otros Autores: | , |
| Formato: | Libro |
| Idioma: | Undetermined |
| Publicado: |
Madrid :
SM,
2001.
|
| Edición: | 2a ed. |
| Series: | Mitos
|
| Materias: | |
| Etiquetas: |
Agregar Etiqueta
Sin Etiquetas, Sea el primero en etiquetar este registro!
|
| LEADER | 01082nam a22002415a 4500 | ||
|---|---|---|---|
| 001 | CEM.cems020328 | ||
| 008 | 230809s2001####sp############000#0#und#d | ||
| 005 | 20230809162306.0 | ||
| 245 | 1 | 0 | |a Teseo y el minotauro. Orfeo y Eurídice. Apolo y Dafne / |c Geraldine McCaughrean ; ilustrado por Tony Ross ; traducido por Paz Barroso. |
| 250 | |a 2a ed. | ||
| 260 | |a Madrid : |b SM, |c 2001. | ||
| 300 | |a 48 p. | ||
| 490 | 1 | |a Mitos | |
| 520 | |a Nunca nadie había sobrevivido al encuentro con el Minotauro, el cual se alimenta de hombres. Pero Teseo quiere intentarlo. ¿Es Teseo un loco o un valiente? ¿Podrá Orfeo, con la belleza de su música, rescatar a su amada Eurídice del mundo subterráneo? Apolo ama a Dafne. Dafne no ama a ningún hombre, y de todo esto Cupido tiene la culpa. | ||
| 020 | |a 8434864282 | ||
| 100 | 1 | |a McCaughrean, Geraldine. | |
| 700 | 1 | |a Ross, Tony; il. | |
| 700 | 1 | |a Barroso, Paz; trad. | |
| 653 | |a Mitología | ||
| 653 | |a Mitos | ||
| 653 | |a Mitología griega | ||
| 653 | |a Mitos griegos | ||
| 859 | |a CEMS |b BIB. CEMS - Inicial y Primaria |h 883 |i M459-4 |k IP |p 2972 |t Ej.1 | ||
